Policy analysis of Indian government in response to Covid-19 pandemic using topic model (Record no. 528213)

000 -LEADER
fixed length control field 01512nam a22001577a 4500
008 - FIXED-LENGTH DATA ELEMENTS--GENERAL INFORMATION
fixed length control field 241119b ||||| |||| 00| 0 eng d
100 ## - MAIN ENTRY--PERSONAL NAME
Personal name Muthusami, R. and Snitha, K.
245 ## - TITLE STATEMENT
Title Policy analysis of Indian government in response to Covid-19 pandemic using topic model
260 ## - PUBLICATION, DISTRIBUTION, ETC. (IMPRINT)
Place of publication, distribution, etc Bihar Journal of Public Administration
300 ## - PHYSICAL DESCRIPTION
Extent 18(1A), Jan-Jun, 2021: p.103-109
520 ## - SUMMARY, ETC.
Summary, etc In order to respond to the COVID-19 pandemic, the Indian Government has adopted various policies. These policies have a broad range of considerations, such as the form of regulation, national and regional levels implementation, the particular human community and region of the country affected by the policy, and the timeline where all such policy is enforced. We obtained the policies of the Indian Government from Corona Net COVID-19 Government Response Event Dataset and analysed the dataset using a structural topic model that reveals the rapid change of risky policies all over the country from January 2020 to September 2020. This study will be helpful in getting policymakers and analysts determine how efficient specific policies are in combating the propagation and social problems of COVID-19 in India. – Reproduced

http://www.iipabiharbranch.org/upload/Complete%20BJPA%20Vol.%20XVIII%20No.%201A%20(Covid%20special%20issue)%202021.pdf
650 ## - SUBJECT ADDED ENTRY--TOPICAL TERM
Topical term or geographic name as entry element Policy analysis, Structural topic model, Covid-19.
9 (RLIN) 48963
773 ## - HOST ITEM ENTRY
Main entry heading Bihar Journal of Public Administration
906 ## - LOCAL DATA ELEMENT F, LDF (RLIN)
Subject DIP PANDEMIC
942 ## - ADDED ENTRY ELEMENTS (KOHA)
Item type Articles
Holdings
Withdrawn status Lost status Source of classification or shelving scheme Damaged status Not for loan Permanent location Current location Date acquired Serial Enumeration / chronology Barcode Date last seen Koha item type
          Indian Institute of Public Administration Indian Institute of Public Administration 2024-11-19 18(1A), Jan-Jun, 2021: p.103-109 AR133597 2024-11-19 Articles

Powered by Koha